| 000 | 00988nam0a22003011 4500 | ||
|---|---|---|---|
| 001 | RU\NLR\INFOCOMM_223\5000057927 | ||
| 005 | 20250613101000.0 | ||
| 035 | _a(NLR Aleph) 009368474 | ||
| 090 |
_a7906891 _c7906891 |
||
| 100 | _a20101215d1978 |||y0rusy50 ca | ||
| 101 | 1 |
_afre _crus _frus |
|
| 102 | _aRU | ||
| 105 | _aa ||||000|y | ||
| 200 | 1 |
_aPhysique théorique et astrophysique _e[Trad. du russe ...] _fV. Ginzburg |
|
| 210 |
_aM. _cMir _d1978 |
||
| 215 |
_a446 с. _cил. _d22 см |
||
| 300 | _aДоп. тит. л. на рус. яз.: В. Л. Гинзбург. Теоретическая физика и астрофизика | ||
| 320 | _aБиблиогр.: с. 434-440 | ||
| 686 |
_aФз-10 _2rubbk |
||
| 686 |
_aА4 _2rubbk |
||
| 686 |
_a[В31] _2rubbk |
||
| 686 |
_a[В63] _2rubbk |
||
| 700 | 1 |
_aGinzburg _bV. L. _f1916- _gVitalij Lazarevič _4070 |
|
| 801 | 1 |
_aRU _bNLR _c20101215 |
|
| 801 | 0 |
_aRU _bNLR _gPSBO |
|
| 852 |
_aNLR _jФз01 Д-5/164 |
||
| 942 | _cBOOK | ||
| 980 | _aNB | ||